Estadísticas para Escudos de fútbol: España 2

Haz click aquí para intentar la prueba.

Estadísticas generales

  • Esta prueba ha sido intentada 130 veces
  • La puntuación promedio es 17 de 20

Estadísticas de respuestas

Respuesta% Correcto
Osasuna
100%
Rayo Vallecano
100%
Sevilla
100%
Valencia
100%
Alavés
97%
Almería
97%
Levante
97%
Málaga
97%
Deportivo
95%
Valladolid
94%
Huesca
89%
Racing de Santander
89%
Lugo
84%
Andorra
82%
Alcorcón
76%
Real Murcia
73%
Castellón
66%
Cultural Leonesa
65%
Alcoyano
59%
Jaén
53%

Distribución de puntuación

Porcentaje por número respondido

Porcentaje de gente con cada puntuación

Historial de tus puntuaciones

No has intentado esta prueba.